000 00688nam a2200241 i 4500
001 78096
003 ES-MaACL
005 20250813062715.0
007 t|
008 041011s1985 sp ||||0| spa d
020 _a84-206-3169-9
040 _aM-BN
_bspa
_cM-BN
100 1 _aHandke, Peter.
_961717
245 1 3 _aLa doctrina del Sainte-Victoire /
_cPeter Handke ; traductor, Eustaquio Barjau.
260 _aMadrid :
_bAlianza,
_c[1985]
300 _a110 p. ;
_c20 cm.
490 1 _aAlianza tres ;
_v163
700 1 _aBarjau, Eustaquio.
_925665
830 0 0 _aAlianza tres
_v163
_9177344
852 _aES-MaACL
_jL-11144
_bR.111144
999 _c78096
_d78096